| Tag |
First Indicator |
Second Indicator |
Subfields |
| LEADER |
00000cam a2200000 a 4500 |
| 001 |
in00002442467 |
| 005 |
20151110085449.0 |
| 008 |
080318s2008 inua b 001 0 eng |
| 010 |
|
|
|a 2008012608
|
| 020 |
|
|
|a 9781557534941 (pbk.)
|
| 020 |
|
|
|a 1557534942 (pbk.)
|
| 020 |
|
|
|a 9781557534903
|
| 020 |
|
|
|a 155753490X
|
| 035 |
|
|
|a (OCoLC)ocn213480230
|
| 040 |
|
|
|a DLC
|c DLC
|d UtOrBLW
|
| 043 |
|
|
|a n-us---
|
| 049 |
|
|
|a TXAM
|
| 050 |
0 |
0 |
|a E609
|b .W67 2008
|
| 082 |
0 |
0 |
|a 973.7/8
|2 22
|
| 245 |
0 |
0 |
|a Words at war :
|b the Civil War and American journalism /
|c edited by David B. Sachsman, S. Kittrell Rushing, Roy Morris Jr.
|
| 264 |
|
1 |
|a West Lafayette, Ind. :
|b Purdue University Press,
|c [2008]
|
| 264 |
|
4 |
|c ©2008
|
| 300 |
|
|
|a xiv, 412 pages :
|b illustrations ;
|c 24 cm.
|
| 336 |
|
|
|a text
|b txt
|2 rdacontent
|
| 337 |
|
|
|a unmediated
|b n
|2 rdamedia
|
| 338 |
|
|
|a volume
|b nc
|2 rdacarrier
|
| 504 |
|
|
|a Includes bibliographical references and index.
|
| 651 |
|
0 |
|a United States
|x History
|y Civil War, 1861-1865
|x Press coverage.
|
| 651 |
|
0 |
|a United States
|x History
|y Civil War, 1861-1865
|x Journalists.
|
| 650 |
|
0 |
|a Press and politics
|z United States
|x History
|y 19th century.
|
| 650 |
|
0 |
|a American newspapers
|x History
|y 19th century.
|
| 650 |
|
0 |
|a Journalism
|z United States
|x History
|y 19th century.
|
| 700 |
1 |
|
|a Sachsman, David B.
|
| 700 |
1 |
|
|a Rushing, S. Kittrell.
|
| 700 |
1 |
|
|a Morris, Roy,
|c Jr.
|
| 945 |
|
|
|a PromptCat
|
| 946 |
|
|
|a stk
|
| 947 |
|
|
|a A14839818348
|
| 948 |
|
|
|a cataloged
|b h
|c 2009/4/2
|d c
|e dmitchel
|f 1:00:00 pm
|
| 994 |
|
|
|a 92
|b TXA
|
| 999 |
|
|
|a MARS
|
| 999 |
f |
f |
|s 264fbbdc-4786-31f9-a99e-fc8cc4d2dfb0
|i c8979204-296a-3d1d-bf92-18121666af8b
|t 0
|
| 952 |
f |
f |
|p normal
|a Texas A&M University
|b College Station
|c Sterling C. Evans Library
|d Evans: Library Stacks
|t 0
|e E609 .W67 2008
|h Library of Congress classification
|i unmediated -- volume
|m A14839818348
|
| 998 |
f |
f |
|a E609 .W67 2008
|t 0
|l Evans: Library Stacks
|